<?xml version="1.0" encoding="UTF-8"?>
<record
    xmlns:xsi="http://www.w3.org/2001/XMLSchema-instance"
    xsi:schemaLocation="http://www.loc.gov/MARC21/slim http://www.loc.gov/standards/marcxml/schema/MARC21slim.xsd"
    xmlns="http://www.loc.gov/MARC21/slim">

  <leader>01319nam a2200397 a 4500</leader>
  <controlfield tag="008">140516s2014    sp ||||| |||| 00| 0 spa d</controlfield>
  <datafield tag="020" ind1=" " ind2=" ">
    <subfield code="a">9788471019479</subfield>
  </datafield>
  <datafield tag="041" ind1=" " ind2=" ">
    <subfield code="a">spa</subfield>
  </datafield>
  <datafield tag="092" ind1=" " ind2=" ">
    <subfield code="c">574.87</subfield>
    <subfield code="l">13</subfield>
    <subfield code="s">COO</subfield>
  </datafield>
  <datafield tag="100" ind1="1" ind2=" ">
    <subfield code="a">Cooper, Geoffrey M.</subfield>
    <subfield code="9">1467</subfield>
  </datafield>
  <datafield tag="245" ind1=" " ind2="3">
    <subfield code="a">La c&#xE9;lula /</subfield>
    <subfield code="c">Geoffrey M. Cooper</subfield>
  </datafield>
  <datafield tag="250" ind1=" " ind2=" ">
    <subfield code="a">6a ed.</subfield>
    <subfield code="b">Geoffrey Cooper &amp; Robert Hausman</subfield>
  </datafield>
  <datafield tag="260" ind1=" " ind2=" ">
    <subfield code="a">Madrid:</subfield>
    <subfield code="b">Marban;</subfield>
    <subfield code="c">2014.</subfield>
  </datafield>
  <datafield tag="300" ind1=" " ind2=" ">
    <subfield code="a">794 p.</subfield>
  </datafield>
  <datafield tag="500" ind1=" " ind2=" ">
    <subfield code="a">Cooper, G. M. y Hausman, R. E. (Col.). (2014). La c&#xE9;lula. (6a ed.). Madrid : Marban.</subfield>
  </datafield>
  <datafield tag="653" ind1=" " ind2=" ">
    <subfield code="a">Investigacion celular</subfield>
  </datafield>
  <datafield tag="653" ind1=" " ind2=" ">
    <subfield code="a">Composicion de las celulas</subfield>
  </datafield>
  <datafield tag="653" ind1=" " ind2=" ">
    <subfield code="a">Metabolismo celular</subfield>
  </datafield>
  <datafield tag="653" ind1=" " ind2=" ">
    <subfield code="a">Biologia molecular</subfield>
  </datafield>
  <datafield tag="653" ind1=" " ind2=" ">
    <subfield code="a">Genomas celulares</subfield>
  </datafield>
  <datafield tag="653" ind1=" " ind2=" ">
    <subfield code="a">Replicacion, mantenimiento y reorganizacion del ADN genomico</subfield>
  </datafield>
  <datafield tag="653" ind1=" " ind2=" ">
    <subfield code="a">Sintesis y maduracion del ARN</subfield>
  </datafield>
  <datafield tag="653" ind1=" " ind2=" ">
    <subfield code="a">Sintesis de proteinas, procesamiento y regulacion</subfield>
  </datafield>
  <datafield tag="653" ind1=" " ind2=" ">
    <subfield code="a">Nucleo</subfield>
  </datafield>
  <datafield tag="653" ind1=" " ind2=" ">
    <subfield code="a">Distribucion y transporte de proteinas</subfield>
  </datafield>
  <datafield tag="653" ind1=" " ind2=" ">
    <subfield code="a">Bioenergetica y metabolismo</subfield>
  </datafield>
  <datafield tag="653" ind1=" " ind2=" ">
    <subfield code="a">Citoesqueleto y movimiento celular</subfield>
  </datafield>
  <datafield tag="653" ind1=" " ind2=" ">
    <subfield code="a">Membrana plasmatica</subfield>
  </datafield>
  <datafield tag="653" ind1=" " ind2=" ">
    <subfield code="a">Paredes celulares</subfield>
  </datafield>
  <datafield tag="653" ind1=" " ind2=" ">
    <subfield code="a">Se&#xF1;alizacion celular</subfield>
  </datafield>
  <datafield tag="653" ind1=" " ind2=" ">
    <subfield code="a">Ciclo celular</subfield>
  </datafield>
  <datafield tag="653" ind1=" " ind2=" ">
    <subfield code="a">Muerte y renovacion celular</subfield>
  </datafield>
  <datafield tag="653" ind1=" " ind2=" ">
    <subfield code="a">Cancer</subfield>
  </datafield>
  <datafield tag="700" ind1="1" ind2=" ">
    <subfield code="a">Hausman, Robert E.</subfield>
    <subfield code="9">2897</subfield>
  </datafield>
  <datafield tag="942" ind1=" " ind2=" ">
    <subfield code="2">ddc</subfield>
    <subfield code="c">BK</subfield>
  </datafield>
  <datafield tag="999" ind1=" " ind2=" ">
    <subfield code="c">2088</subfield>
    <subfield code="d">2088</subfield>
  </datafield>
  <datafield tag="952" ind1=" " ind2=" ">
    <subfield code="0">0</subfield>
    <subfield code="1">0</subfield>
    <subfield code="2">ddc</subfield>
    <subfield code="4">0</subfield>
    <subfield code="7">0</subfield>
    <subfield code="a">BFM</subfield>
    <subfield code="b">BFM</subfield>
    <subfield code="c">CR</subfield>
    <subfield code="d">2014-05-16</subfield>
    <subfield code="e">PROMED</subfield>
    <subfield code="g">460.00</subfield>
    <subfield code="l">86</subfield>
    <subfield code="m">5</subfield>
    <subfield code="o">574.87 13 COO</subfield>
    <subfield code="p">3283</subfield>
    <subfield code="r">2024-03-26</subfield>
    <subfield code="s">2024-03-19</subfield>
    <subfield code="t">Ej. 1</subfield>
    <subfield code="w">2014-05-16</subfield>
    <subfield code="y">BK</subfield>
    <subfield code="z">PROYECTO PROMED 3ER A&#xD1;O MAYO 2014</subfield>
  </datafield>
  <datafield tag="952" ind1=" " ind2=" ">
    <subfield code="0">0</subfield>
    <subfield code="1">0</subfield>
    <subfield code="2">ddc</subfield>
    <subfield code="4">0</subfield>
    <subfield code="7">0</subfield>
    <subfield code="8">NFIC</subfield>
    <subfield code="a">BFM</subfield>
    <subfield code="b">BFM</subfield>
    <subfield code="c">CR</subfield>
    <subfield code="d">2014-05-16</subfield>
    <subfield code="e">PROMED</subfield>
    <subfield code="g">460.00</subfield>
    <subfield code="l">100</subfield>
    <subfield code="m">5</subfield>
    <subfield code="o">574.87 13 COO</subfield>
    <subfield code="p">3284</subfield>
    <subfield code="r">2024-03-26</subfield>
    <subfield code="s">2024-03-25</subfield>
    <subfield code="t">Ej. 2</subfield>
    <subfield code="w">2014-05-16</subfield>
    <subfield code="y">BK</subfield>
    <subfield code="z">PROYECTO PROMED 3ER A&#xD1;O MAYO 2014</subfield>
  </datafield>
  <datafield tag="952" ind1=" " ind2=" ">
    <subfield code="0">0</subfield>
    <subfield code="1">0</subfield>
    <subfield code="2">ddc</subfield>
    <subfield code="4">0</subfield>
    <subfield code="7">0</subfield>
    <subfield code="8">NFIC</subfield>
    <subfield code="a">BFM</subfield>
    <subfield code="b">BFM</subfield>
    <subfield code="c">CR</subfield>
    <subfield code="d">2015-06-15</subfield>
    <subfield code="e">COMPRA PROMED  3ER A&#xD1;O. JUNIO 2015</subfield>
    <subfield code="g">460.00</subfield>
    <subfield code="l">72</subfield>
    <subfield code="m">3</subfield>
    <subfield code="o">574.87 13 COO</subfield>
    <subfield code="p">3495</subfield>
    <subfield code="r">2024-04-03</subfield>
    <subfield code="s">2024-03-27</subfield>
    <subfield code="t">Ej. 3</subfield>
    <subfield code="w">2015-06-15</subfield>
    <subfield code="y">BK</subfield>
    <subfield code="z">COMPRA PROMED 3ER A&#xD1;O. JUNIO2015</subfield>
  </datafield>
  <datafield tag="952" ind1=" " ind2=" ">
    <subfield code="0">0</subfield>
    <subfield code="1">0</subfield>
    <subfield code="2">ddc</subfield>
    <subfield code="4">0</subfield>
    <subfield code="7">0</subfield>
    <subfield code="8">REF</subfield>
    <subfield code="a">BFM</subfield>
    <subfield code="b">BFM</subfield>
    <subfield code="c">REF</subfield>
    <subfield code="d">2015-06-15</subfield>
    <subfield code="e">COMPRA PROMED 3ER A&#xD1;O.JUNIO 2015</subfield>
    <subfield code="g">460.00</subfield>
    <subfield code="l">21</subfield>
    <subfield code="o">574.87 13 COO</subfield>
    <subfield code="p">3496</subfield>
    <subfield code="r">2020-03-13</subfield>
    <subfield code="s">2020-03-04</subfield>
    <subfield code="t">Ej. 4</subfield>
    <subfield code="w">2015-06-15</subfield>
    <subfield code="y">REF</subfield>
    <subfield code="z">LIBRO DE CONSULTA. COMPRA PROMED 3ER A&#xD1;O. JUNIO2015</subfield>
  </datafield>
  <datafield tag="952" ind1=" " ind2=" ">
    <subfield code="0">0</subfield>
    <subfield code="1">0</subfield>
    <subfield code="2">ddc</subfield>
    <subfield code="4">0</subfield>
    <subfield code="7">0</subfield>
    <subfield code="a">BFM</subfield>
    <subfield code="b">BFM</subfield>
    <subfield code="c">CR</subfield>
    <subfield code="d">2016-04-19</subfield>
    <subfield code="e">COMPRA PROMED 3er A&#xD1;O, ABRIL 2016</subfield>
    <subfield code="g">740.00</subfield>
    <subfield code="l">55</subfield>
    <subfield code="m">3</subfield>
    <subfield code="o">574.87 13 COO</subfield>
    <subfield code="p">3678</subfield>
    <subfield code="r">2024-06-24</subfield>
    <subfield code="s">2024-03-20</subfield>
    <subfield code="t">Ej.7</subfield>
    <subfield code="w">2016-04-19</subfield>
    <subfield code="y">BK</subfield>
    <subfield code="z">COMPRA PROMED 3er A&#xD1;O, ABRIL 2016</subfield>
  </datafield>
  <datafield tag="952" ind1=" " ind2=" ">
    <subfield code="0">0</subfield>
    <subfield code="1">0</subfield>
    <subfield code="2">ddc</subfield>
    <subfield code="4">0</subfield>
    <subfield code="7">0</subfield>
    <subfield code="a">BFM</subfield>
    <subfield code="b">BFM</subfield>
    <subfield code="c">CR</subfield>
    <subfield code="d">2016-04-19</subfield>
    <subfield code="e">COMPRA PROMED 3er A&#xD1;O, ABRIL 2016</subfield>
    <subfield code="g">740.00</subfield>
    <subfield code="l">48</subfield>
    <subfield code="m">5</subfield>
    <subfield code="o">574.87 13 COO</subfield>
    <subfield code="p">3677</subfield>
    <subfield code="r">2024-03-26</subfield>
    <subfield code="s">2024-03-19</subfield>
    <subfield code="t">Ej.6</subfield>
    <subfield code="w">2016-04-19</subfield>
    <subfield code="y">BK</subfield>
    <subfield code="z">COMPRA PROMED 3er A&#xD1;O, ABRIL 2016</subfield>
  </datafield>
  <datafield tag="952" ind1=" " ind2=" ">
    <subfield code="0">0</subfield>
    <subfield code="1">0</subfield>
    <subfield code="2">ddc</subfield>
    <subfield code="4">0</subfield>
    <subfield code="7">0</subfield>
    <subfield code="a">BFM</subfield>
    <subfield code="b">BFM</subfield>
    <subfield code="c">CR</subfield>
    <subfield code="d">2016-04-19</subfield>
    <subfield code="e">COMPRA PROMED 3er A&#xD1;O, ABRIL 2016</subfield>
    <subfield code="g">740.00</subfield>
    <subfield code="l">41</subfield>
    <subfield code="m">6</subfield>
    <subfield code="o">574.87 13 COO </subfield>
    <subfield code="p">3676</subfield>
    <subfield code="r">2024-04-03</subfield>
    <subfield code="s">2024-03-25</subfield>
    <subfield code="t">Ej.5</subfield>
    <subfield code="w">2016-04-19</subfield>
    <subfield code="y">BK</subfield>
    <subfield code="z">COMPRA PROMED 3er A&#xD1;O, ABRIL 2016</subfield>
  </datafield>
  <datafield tag="952" ind1=" " ind2=" ">
    <subfield code="0">0</subfield>
    <subfield code="1">0</subfield>
    <subfield code="2">ddc</subfield>
    <subfield code="4">0</subfield>
    <subfield code="7">0</subfield>
    <subfield code="8">NFIC</subfield>
    <subfield code="a">BFM</subfield>
    <subfield code="b">BFM</subfield>
    <subfield code="c">CR</subfield>
    <subfield code="d">2017-11-16</subfield>
    <subfield code="e">Donacion</subfield>
    <subfield code="l">21</subfield>
    <subfield code="m">1</subfield>
    <subfield code="o">574.87; 13; COO </subfield>
    <subfield code="p">4055</subfield>
    <subfield code="r">2024-04-03</subfield>
    <subfield code="s">2024-03-27</subfield>
    <subfield code="t">Ej. 8</subfield>
    <subfield code="w">2017-11-16</subfield>
    <subfield code="y">BK</subfield>
    <subfield code="z">DONACION CAROLINA CORREA NOV/2017</subfield>
  </datafield>
</record>
